Imperialism : (Record no. 19457)

MARC details
000 -LEADER
fixed length control field 00844cam a22002771 4500
001 - CONTROL NUMBER
control field 4059392
003 - CONTROL NUMBER IDENTIFIER
control field BDDh-ASL
005 - DATE AND TIME OF LATEST TRANSACTION
control field 20231015025801.0
008 - FIXED-LENGTH DATA ELEMENTS--GENERAL INFORMATION
fixed length control field 711020s1961 enkb b 000 0 eng
010 ## - LIBRARY OF CONGRESS CONTROL NUMBER
LC control number 65006003
040 ## - CATALOGING SOURCE
Original cataloging agency DLC
Transcribing agency DLC
Modifying agency BDDh-ASL
043 ## - GEOGRAPHIC AREA CODE
Geographic area code e-uk---
050 00 - LIBRARY OF CONGRESS CALL NUMBER
Classification number JN276
Item number .H7 1965
082 00 - DEWEY DECIMAL CLASSIFICATION NUMBER
Classification number 321.03
Item number HOI
100 1# - MAIN ENTRY--PERSONAL NAME
Personal name Hobson, J. A.
Fuller form of name (John Atkinson),
Dates associated with a name 1858-1940.
245 00 - TITLE STATEMENT
Title Imperialism :
Remainder of title a study /
Statement of responsibility, etc. New introd. by Philip Siegelman.
260 ## - PUBLICATION, DISTRIBUTION, ETC.
Place of publication, distribution, etc. London:
Name of publisher, distributor, etc. George Allen & Unwin Ltd. ,
Date of publication, distribution, etc. 1961.
300 ## - PHYSICAL DESCRIPTION
Extent viii, 386 p. :
Other physical details maps.
Dimensions 21 cm.
490 0# - SERIES STATEMENT
Series statement Ann Arbor paperbacks, AA103
504 ## - BIBLIOGRAPHY, ETC. NOTE
Bibliography, etc. note Bibliographical footnotes.
650 #0 - SUBJECT ADDED ENTRY--TOPICAL TERM
Topical term or geographic name entry element Imperialism.
650 #0 - SUBJECT ADDED ENTRY--TOPICAL TERM
Topical term or geographic name entry element Imperial federation.
651 #0 - SUBJECT ADDED ENTRY--GEOGRAPHIC NAME
Geographic name Great Britain
General subdivision Colonies.
906 ## - LOCAL DATA ELEMENT F, LDF (RLIN)
a 7
b cbc
c orignew
d u
e ocip
f 19
g y-gencatlg
942 ## - ADDED ENTRY ELEMENTS (KOHA)
Source of classification or shelving scheme Dewey Decimal Classification
Koha item type Books
Holdings
Withdrawn status Lost status Source of classification or shelving scheme Damaged status Not for loan Collection code Home library Current library Shelving location Date acquired Source of acquisition Total Checkouts Full call number Barcode Date last seen Copy number Price effective from Koha item type
    Dewey Decimal Classification     Non-fiction Asiatic Society Library Asiatic Society Library Sirajul Islam Collection 12/03/2020 Donated by Professor Sirajul Islam, FRHS   321.03 HOI 102790 12/03/2020 C-1 12/03/2020 Books

Powered by Koha